000 00634nam a2200241Ia 4500
001 28798
005 20240114001105.0
007 ta
008 060617s1924 g b000 u 465 u
040 _aCotton College,Assam
041 _a465
082 _a190
_bJ 57 In
100 _aJoad, C.E.M. .
245 0 _aIntroduction to Modern Philosophy /
_cC.E.M.Joad.
_hTextual Documents
250 _a1st ed. /
260 _aOxford :
_bAt the Clarendon Press ,
_c1924.
300 _a112p. ;
_c18cm.
653 _aModern Philosophy
653 _aG-Philosophy
942 _2ddc
_cBK
999 _c28780
_d28780